000 00553nam a2200205Ia 4500
005 20250508162807.0
008 008 250505s9999 xx 000 0 eng d
037 _aTextual
040 _aFEDL
_beng
_cFEDL
041 _aeng
_2eng
084 _a371.74, PAN
_qFEDL
100 _aPande P K
_9774063
245 0 _aKnow how sports medicine
260 _aJalandhar, India
_bA P Publisher
_c1989
300 _a260p.
365 _aINR
_b75
650 _aSports medicine
_9774064
942 _cTEXL
_h371.74, PAN
999 _c1378715
_d1378715